Managing Postharvest Quality and Losses in Horticultural Crops, Volume -1, General Issues (Record no. 14469)
[ view plain ]
| 000 -LEADER | |
|---|---|
| fixed length control field | 00377nam a22001337a 4500 |
| 020 ## - INTERNATIONAL STANDARD BOOK NUMBER | |
| ISBN | 9789351243557 |
| 082 ## - DEWEY DECIMAL CLASSIFICATION NUMBER | |
| Classification number | 631.56 |
| Item number | CHA/MA |
| 245 ## - TITLE STATEMENT | |
| Title | Managing Postharvest Quality and Losses in Horticultural Crops, Volume -1, General Issues |
| 260 ## - PUBLICATION, DISTRIBUTION, ETC. (IMPRINT) | |
| Place of publication | New Delhi |
| Name of publisher | Daya Publishing House |
| Year of publication | 2015 |
| 300 ## - PHYSICAL DESCRIPTION | |
| Number of Pages | 251 |
| 700 ## - ADDED ENTRY--PERSONAL NAME | |
| Personal name | Chadha,K.L |
| 700 ## - ADDED ENTRY--PERSONAL NAME | |
| Personal name | Pal,R.K |
| 942 ## - ADDED ENTRY ELEMENTS (KOHA) | |
| Koha item type | Books |
No items available.
